| 000 -ლიდერი |
| ფიქსირებული სიგრძის საკონტროლო ველი |
01351nam a2200253Ia 4500 |
| 001 - საკონტროლო ნომერი |
| საკონტროლო ველი |
7965 |
| 003 - საკონტროლო ნომრის იდენტიფიკატორი |
| საკონტროლო ველი |
GE_BSU |
| 005 - ბოლო ოპერაციის თარიღი და დრო |
| საკონტროლო ველი |
20221003143056.0 |
| 008 - ფიქსირებული სიგრძის მონაცემთა ელემენტები - ზოგადი ინფორმაცია |
| ფიქსირებული სიგრძის საკონტროლო ველი |
181216s2013ge xx |||||||||||||| ||geo|| |
| 020 ## - წიგნის საერთაშორისო სტანდარტული ნომერი |
| International Standard Book Number |
9789941434419. |
| 040 ## - კატალოგიზაციის წყარო |
| Transcribing agency |
GE_BSU |
| 041 ## - ენის კოდი |
| Language code of text/sound track or separate title |
geo |
| 080 ## - უნივერსალური ათობითი კლასიფიკაციის ინდექსი |
| Universal Decimal Classification number |
94(479.223)+325 ვ-21 |
| 100 ## - მთავარი ჩანაწერი - პიროვნების სახელი |
| Personal name |
ვარდამანიძე, ჯუმბერ. |
| 9 (RLIN) |
14965 |
| 245 ## - ცნობა სათაურის შესახებ |
| Title |
მუჰაჯირობა სამხრეთ-დასავლეთ საქართველოში : |
| Remainder of title |
(XIX საუკუნის 30-80-იანი წლები) / |
| Statement of responsibility, etc |
ჯუმბერ ვარდამანიძე, რედ: მალხაზ ჩოხარაძე; ზაზა შაშიკაძე. |
| 264 ## - წარმოების, გამოცემის, დისტრიბუციის და სხვა ცნობები |
| გამოცემის, წარმოების, დისტრიბუციის... ადგილი |
ბათუმი : |
| გამოცემის, წარმოების, დისტრიბუციის... სახელწოდება |
შოთა რუსთაველის სახელმწ.უნ-ტის გამ-ბა, |
| გამოცემის, წარმოების, დისტრიბუციის... თარიღი |
2013. |
| 300 ## - ფიზიკური აღწერა |
| Extent |
180 გვ; |
| Dimensions |
19 სმ. |
| 504 ## - BIBLIOGRAPHY, ETC. NOTE |
| Bibliography, etc |
ბიბლიოგრაფ:გვ.172-178. |
| 653 ## - INDEX TERM--UNCONTROLLED |
| Uncontrolled term |
მუჰაჯირობა სამხრეთ-დასავლეთ საქართველოში. |
| 653 ## - INDEX TERM--UNCONTROLLED |
| Uncontrolled term |
ისტორია |
| 700 ## - ADDED ENTRY--PERSONAL NAME |
| Personal name |
ჩოხარაძე, მალხაზ |
| Relator term |
რედაქტორი |
| 9 (RLIN) |
14966 |
| 700 ## - ADDED ENTRY--PERSONAL NAME |
| Personal name |
შაშიკაძე, ზაზა |
| Relator term |
რედაქტორი |
| 9 (RLIN) |
14967 |
| 942 ## - ADDED ENTRY ELEMENTS (KOHA) |
| Koha item type |
წიგნი |
| Source of classification or shelving scheme |
|